[Event "Sozina Open"]
[Site "Bar SCG"]
[Date "2005.03.04"]
[Round "1"]
[White "Perunovic,Mil"]
[Black "Benderac,S"]
[Result "1/2-1/2"]
[WhiteElo "2564"]
[BlackElo "2295"]

1.e4 c5 2.Nf3 d6 3.d4 cxd4 4.Nxd4 Nf6 5.Nc3 a6 6.Be3 e5 7.Nb3 Be6 8.f3 Be7
9.Qd2 O-O 10.O-O-O Nbd7 11.g4 b5 12.g5 b4 13.Ne2 Ne8 14.Ng3 a5 15.Kb1 Nc7
16.f4 a4 17.Nc1 exf4 18.Bxf4 b3 19.cxb3 axb3 20.a3 d5 21.Nf5 Nc5 22.Qc3 Bxf5
23.exf5 Bd6 24.Bxd6 Qxd6 25.Bd3 d4 26.Qd2 Nd5 27.Bc4 Ne4 28.Qxd4 Ndc3+ 29.bxc3 Qxa3
30.Bxb3 Rfc8 31.c4 Qb4 32.Rd3 Nc5 33.Rhd1 Qa5 34.R1d2 Nxd3 35.Rxd3 Qxf5 36.Kb2 Qxg5
37.Rg3 Qh6 38.Bc2 g6 39.h3 Qf8 40.Rb3 Ra4 41.Bd3 Qh6 42.Bf1 Qg5 43.h4 Qe7
44.h5 Rd8 45.Qc3 Qg5 46.hxg6 hxg6 47.Bd3 Rc8 48.Kb1 Qc5 49.Rb2 Rxc4 50.Bxc4 Qxc4
51.Qe3 Qd5  1/2-1/2

[Event "Sozina Open"]
[Site "Bar SCG"]
[Date "2005.03.04"]
[Round "1"]
[White "Krivokapic,M"]
[Black "Popovic,Zo"]
[Result "1-0"]
[WhiteElo "2330"]
[BlackElo "2318"]

1.e4 c5 2.Nf3 d6 3.d4 cxd4 4.Nxd4 Nf6 5.Nc3 a6 6.Be3 Qc7 7.f3 e5 8.Nb3 Be6
9.g4 h6 10.Qd2 Nbd7 11.O-O-O Rc8 12.Kb1 Nb6 13.h4 Bc4 14.Bxb6 Qxb6 15.Bxc4 Rxc4
16.g5 Nd7 17.Nd5 Qa7 18.g6 Rc8 19.Rhg1 f6 20.Ne3 b6 21.Nf5 Qc7 22.c3 Qc6
23.Qd5 Qxd5 24.Rxd5 Rc6 25.Rgd1 h5 26.a4 Kd8 27.a5 Kc7 28.axb6+ Nxb6 29.R5d3 Nc4
30.Nd2 Nxd2+ 31.R1xd2 Kd7 32.Rd5 Be7 33.Rg2 Rb8 34.Nxg7 Rxc3 35.Nf5 Bf8 36.g7 Bxg7
37.Rxg7+ Kc6 38.Ne7+ Kd7 39.Nf5+ Kc6 40.Rxd6+  1-0

[Event "ch-BLR"]
[Site "Minsk BLR"]
[Date "2005.03.04"]
[Round "1"]
[White "Kovalev,An"]
[Black "Tihonov,J"]
[Result "0-1"]
[WhiteElo "2565"]
[BlackElo "2454"]

1.e4 c5 2.Nf3 d6 3.d4 cxd4 4.Nxd4 Nf6 5.Nc3 a6 6.Be3 e5 7.Nb3 Be6 8.Qd2 Nbd7
9.f3 h5 10.O-O-O Be7 11.Kb1 Rc8 12.g3 b5 13.Nd5 Bxd5 14.exd5 Nb6 15.Bh3 Nc4
16.Qe2 Rc7 17.f4 e4 18.Bc1 O-O 19.Bg2 Re8 20.Rd4 Qa8 21.Bxe4 Bd8 22.Qg2 Rce7
23.Bf3 Bb6 24.Rd3 Ng4 25.Nd4 Nge3 26.Bxe3 Nxe3 27.Qd2 Bxd4 28.Rxd4 g6 29.Rc1 Qc8
30.b3 Qh3 31.Rd3 Nf1 32.Qb4 Rd7 33.Re1 Rxe1+ 34.Qxe1 Nxh2 35.Bg2 Qg4 36.Re3 Rc7
37.Re8+ Kh7 38.Be4 Qd7 39.Bd3 Ng4 40.Ra8 Ra7 41.Rb8 Nf6 42.Qc3 Kg7 43.Qd4 Rc7
44.Rb6 Rc5 45.Rxa6 Rxd5 46.Qc3 Qg4 47.Ra7 Qxg3 48.Qc7 Qe1+ 49.Kb2 Qe6 50.Ra8 Nh7
51.a4 bxa4 52.Rxa4 Rc5 53.Qb8 h4 54.Ka2 Qf6 55.f5 g5 56.Ra8 Kh6 57.Qb7 Re5
58.Qh1 Re3 59.Ra4 Qe5 60.Qc1 Re1 61.Rxh4+ Kg7 62.Rxh7+ Kxh7  0-1

[Event "Sozina Open"]
[Site "Bar SCG"]
[Date "2005.03.05"]
[Round "2"]
[White "Djukic,Ni"]
[Black "Bernasek,J"]
[Result "1/2-1/2"]
[WhiteElo "2504"]
[BlackElo "2389"]

1.e4 c5 2.Nf3 d6 3.d4 cxd4 4.Nxd4 Nf6 5.Nc3 a6 6.Be3 e5 7.Nb3 Be7 8.f3 Be6
9.Qd2 O-O 10.O-O-O Qc7 11.g4 Rc8 12.Qf2 Nbd7 13.h4 b5 14.Nd5 Bxd5 15.exd5 a5
16.Bxb5 a4 17.Na1 a3 18.Nb3 axb2+ 19.Kxb2 Nc5 20.Nxc5 dxc5 21.c4 e4 22.g5 exf3
23.d6 Qa5 24.dxe7 Qxa2+ 25.Kc1 Qa1+ 26.Kd2 Ne4+ 27.Ke1 Qc3+ 28.Bd2 Qe5 29.Qxf3 Nxd2+
30.Qe2 Qg3+ 31.Qf2 Qe5+ 32.Qe2 Qg3+  1/2-1/2

[Event "NWAPA Rector Cup"]
[Site "St Petersburg RUS"]
[Date "2005.03.05"]
[Round "2"]
[White "Ivanov,Al3"]
[Black "Solovjov,S"]
[Result "0-1"]
[WhiteElo "2350"]
[BlackElo "2456"]

1.e4 c5 2.Nf3 d6 3.d4 cxd4 4.Nxd4 Nf6 5.Nc3 a6 6.Be3 e5 7.Nb3 Be6 8.f3 Be7
9.Qd2 O-O 10.O-O-O Nbd7 11.g4 b5 12.g5 b4 13.Ne2 Ne8 14.f4 a5 15.Kb1 a4 16.Nbc1 exf4
17.Bxf4 Nc5 18.Bg2 b3 19.cxb3 axb3 20.a3 d5 21.Nd4 Nd6 22.exd5 Bg4 23.Rde1 Qd7
24.Nc6 Bf5+ 25.Ka1 Nde4 26.Qe3 Bd6 27.Bxd6 Qxd6 28.Nxb3 Nd3 29.Nba5 Nxe1
30.Rxe1 Rfe8 31.Qd3 Qxh2 32.Bxe4 Bxe4 33.Qd4 Qg2 34.Rd1 Bf3 35.Rg1 Bxd5 36.Rc1 Qe4
37.Qc3 Qe3  0-1

[Event "Sozina Open"]
[Site "Bar SCG"]
[Date "2005.03.07"]
[Round "4"]
[White "Mijovic,S"]
[Black "Krivokapic,M"]
[Result "0-1"]
[WhiteElo "2116"]
[BlackElo "2330"]

1.e4 c5 2.Nf3 d6 3.d4 cxd4 4.Nxd4 Nf6 5.Nc3 a6 6.Be3 e6 7.g4 e5 8.Nf5 h5
9.Bg5 hxg4 10.Bxf6 Qxf6 11.Qxg4 Be6 12.O-O-O Nd7 13.Qf3 Rd8 14.Bg2 Nb6 15.Ne3 Qxf3
16.Bxf3 Be7 17.Kb1 Bh4 18.Nf5 Bxf5 19.exf5 Rd7 20.Bg4 f6 21.Ne4 d5 22.Nc5 Re7
23.f3 Kf7 24.Ne6 g6 25.fxg6+ Kxg6 26.f4 f5  0-1

[Event "Sozina Open"]
[Site "Bar SCG"]
[Date "2005.03.08"]
[Round "5"]
[White "Ivanovic,B"]
[Black "Benderac,S"]
[Result "1-0"]
[WhiteElo "2428"]
[BlackElo "2295"]

1.e4 c5 2.Nf3 d6 3.d4 cxd4 4.Nxd4 Nf6 5.Nc3 a6 6.Be3 e5 7.Nb3 Be6 8.f3 Be7
9.Qd2 O-O 10.O-O-O Nbd7 11.g4 b5 12.g5 b4 13.Ne2 Ne8 14.f4 a5 15.f5 a4 16.fxe6 axb3
17.exf7+ Rxf7 18.Kb1 bxc2+ 19.Kxc2 Nc5 20.Ng3 Kh8 21.Bc4 Qc8 22.Kb1 Rf8 23.Rhf1 Nc7
24.Bxc5 Rxf1 25.Rxf1 dxc5 26.Rf7 Bf8 27.Rxc7 Qxc7 28.Qd5  1-0

[Event "ch-BLR"]
[Site "Minsk BLR"]
[Date "2005.03.08"]
[Round "5"]
[White "Zhigalko,A"]
[Black "Tihonov,J"]
[Result "0-1"]
[WhiteElo "2532"]
[BlackElo "2454"]

1.e4 c5 2.Nf3 d6 3.d4 cxd4 4.Nxd4 Nf6 5.Nc3 a6 6.Be3 e5 7.Nb3 Be6 8.f3 h5
9.Qd2 Nbd7 10.O-O-O Be7 11.Kb1 Qc7 12.h3 Rc8 13.Bd3 h4 14.f4 g6 15.Rhf1 Rh5
16.Be2 Rh7 17.fxe5 dxe5 18.Bg5 b5 19.a3 Rb8 20.Bg4 Rb6 21.Bxe6 Rxe6 22.Qe1 Qb8
23.Nd5 Nxd5 24.exd5 Rb6 25.Bxe7 Kxe7 26.Nd4 Qd6 27.Nc6+ Kf8 28.Rf3 Kg8 29.Re3 Rh5
30.Rdd3 Rb7 31.b3 Rc7 32.Qa5 Nc5 33.Qb4 e4 34.Rxe4 Nxe4 35.Qxe4 Kh7 36.Qb4 Qd7
37.Qf4 Kg7 38.Qd4+ Kh7 39.Ne5 Qd6 40.Ng4 Rf5 41.Rf3 Qc5 42.Qd2 Rxf3 43.gxf3 Qc3
44.Qf2 Kg7 45.d6 Rc6 46.Qh2 Qd4 47.d7 Qxd7 48.Qe5+ f6 49.Qe4 Re6 50.Qb4 Qe7
51.Qa5 Rc6 52.Qd2 g5 53.Ne3 Rc5 54.Qd3 Qe6 55.Qd4 Re5 56.Ng4 Rd5 57.Qa7+ Rd7
58.Qc5 Qd5 59.Qc8 Qe6 60.Kb2 Re7 61.Qc3 Qd6 62.Ka2 Rc7 63.Qb2 Qc6 64.Ne3 Qxf3
65.Qd4 Re7 66.Nd5 Rd7 67.c4 bxc4 68.bxc4 Rb7 69.Nb4 Qg2+ 70.Kb3 a5  0-1

[Event "NWAPA Rector Cup"]
[Site "St Petersburg RUS"]
[Date "2005.03.08"]
[Round "7"]
[White "Solovjov,S"]
[Black "Doluhanova,E"]
[Result "1-0"]
[WhiteElo "2456"]
[BlackElo "2297"]

1.e4 c5 2.Nf3 d6 3.d4 cxd4 4.Nxd4 Nf6 5.Nc3 a6 6.Be3 e5 7.Nb3 Be7 8.f3 Be6
9.Qd2 h5 10.O-O-O Nbd7 11.Kb1 Rc8 12.Bd3 b5 13.h3 Nb6 14.Bxb6 Qxb6 15.g4 g6
16.g5 Nd7 17.Nd5 Qd8 18.h4 Nb6 19.Qf2 Nc4 20.Qa7 Bxd5 21.exd5 Qb6 22.Qxb6 Nxb6
23.Be4 Nc4 24.Rd3 Bd8 25.Nd2 Nxd2+ 26.Rxd2 Bb6 27.Re2 O-O 28.Rd1 Kg7 29.Rd3 Rc4
30.c3 Rc7 31.Kc2 Rg8 32.Kb3 Rc4 33.Rd1 Rgc8 34.Ra1 a5 35.a3 Ba7 36.Rf1 Re8
37.Ka2 Re7 38.Rfe1 Rec7 39.Rd2 b4 40.cxb4 axb4 41.a4 Bd4 42.Kb3 Bb6 43.Ree2 Rc1
44.Rc2 R1xc2 45.Bxc2 Bc5 46.Bd3 Ra7 47.Re4 Kf8 48.f4 exf4 49.Rxf4 Ke7 50.Rf1 Ra5
51.Bb5 Ra7 52.Bc6 Kf8 53.Kc4 Ra5 54.b3 Ra7 55.Kb5 Re7 56.Rc1 Re3 57.Rb1 Re4
58.a5 Rxh4 59.a6 Re4 60.Rc1 Ba7 61.Bd7 Re5 62.Rc8+ Ke7 63.Kc6 f5 64.Re8+ Kf7
65.Ra8 Bc5 66.a7  1-0

[Event "NWAPA Rector Cup"]
[Site "St Petersburg RUS"]
[Date "2005.03.09"]
[Round "9"]
[White "Ivanov,Al3"]
[Black "Doluhanova,E"]
[Result "1-0"]
[WhiteElo "2350"]
[BlackElo "2297"]

1.e4 c5 2.Nf3 d6 3.d4 cxd4 4.Nxd4 Nf6 5.Nc3 a6 6.Be3 e5 7.Nb3 Be7 8.f3 Be6
9.Qd2 h5 10.a4 Nbd7 11.a5 Rc8 12.Be2 h4 13.O-O Nh5 14.Rfd1 g6 15.Nc1 Nc5
16.b4 Nd7 17.Nd5 Bxd5 18.Qxd5 Qc7 19.c4 Nf4 20.Qd2 g5 21.Bf1 Nf6 22.Ne2 Qd7
23.Nc3 Qe6 24.Nd5 N6xd5 25.exd5 Qd7 26.c5 dxc5 27.d6 Bf6 28.bxc5 Ne6 29.Qd5 O-O
30.Bd3 Kg7 31.Bf5 Rc6 32.Be4 Nd4 33.Ra2 Rh8 34.Rb2 h3 35.g3 Qc8 36.Bxd4 exd4
37.Rc2 Rd8 38.Qf5 Qxf5 39.Bxf5 Rb8 40.Bd7 Kf8 41.Kf2 Be5 42.Ke2 Rcc8 43.Bxc8 Rxc8
44.Kd3 f5 45.Rb1 Rb8 46.Re2 Bf6 47.c6  1-0

[Event "Sozina Open"]
[Site "Bar SCG"]
[Date "2005.03.10"]
[Round "7"]
[White "Schneider,Dm"]
[Black "Ivanovic,B"]
[Result "0-1"]
[WhiteElo "2475"]
[BlackElo "2428"]

1.e4 c5 2.Nf3 d6 3.d4 cxd4 4.Nxd4 Nf6 5.Nc3 a6 6.Be3 e6 7.f3 b5 8.g4 Bb7
9.Qd2 Nc6 10.O-O-O Be7 11.h4 Nxd4 12.Bxd4 O-O 13.g5 Nd7 14.Kb1 b4 15.Ne2 Qa5
16.Nc1 Rfc8 17.Bd3 d5 18.e5 Qc7 19.Qe3 Bc5 20.Rde1 Bxd4 21.Qxd4 a5 22.h5 Ba6
23.Rh2 Bxd3 24.Nxd3 Ra6 25.h6 g6 26.Rc1 Rc6 27.b3 Rc3 28.Rd2 Qd8 29.f4 Nb8
30.Qf2 Nd7 31.Qd4 Nc5 32.Nxc5 R3xc5 33.Rd3 Qc7 34.Qb2 Qc6 35.Rd4 Rc3 36.Rd3 Qc5
37.a3 Rc7 38.axb4 axb4 39.Rd2 Qe3 40.Rcd1 Qxf4 41.Rd4 Qf3 42.Rc1 Rb7 43.Qa2 Rc8
44.Qa6 Rbc7 45.Rxb4 Qf5 46.Qe2 Qxg5 47.Qh2 Ra7 48.Qf2 Ra1+  0-1

[Event "FSGM March"]
[Site "Budapest HUN"]
[Date "2005.03.10"]
[Round "6"]
[White "Papp,Ga"]
[Black "Berczes,D"]
[Result "1-0"]
[WhiteElo "2477"]
[BlackElo "2313"]

1.e4 c5 2.Nf3 d6 3.d4 cxd4 4.Nxd4 Nf6 5.Nc3 a6 6.Be3 e6 7.f3 b5 8.Qd2 Nbd7
9.O-O-O Bb7 10.g4 Nb6 11.Bd3 Nfd7 12.Kb1 Rc8 13.g5 Ne5 14.f4 Nec4 15.Bxc4 Nxc4
16.Qd3 b4 17.Nce2 d5 18.e5 a5 19.Bc1 Ba6 20.Qh3 g6 21.f5 exf5 22.e6 Qb6 23.Nf4 Bb7
24.Rhe1 Bg7 25.Nxf5 gxf5 26.exf7+ Kxf7 27.Qxf5+ Kg8 28.Nxd5 Bxd5 29.Qxd5+ Kf8
30.Rf1+  1-0

[Event "TCh-SWE Elitserien 2004-5"]
[Site "Malmo SWE"]
[Date "2005.03.11"]
[Round "9"]
[White "Von Bahr,O"]
[Black "Ahlander,B"]
[Result "0-1"]
[WhiteElo "2314"]
[BlackElo "2398"]

1.e4 c5 2.Nf3 d6 3.d4 cxd4 4.Nxd4 Nf6 5.Nc3 a6 6.Be3 e5 7.Nb3 Be6 8.Qd2 Nbd7
9.f3 b5 10.a4 b4 11.Nd5 Bxd5 12.exd5 Nb6 13.Bxb6 Qxb6 14.a5 Qb7 15.Bc4 g6
16.Ra4 Rb8 17.Qd3 Ra8 18.Qd2 Rb8 19.Nc1 h5 20.Na2 Bh6 21.Qf2 Nxd5  0-1

[Event "ch-Privolzhsky Region"]
[Site "Ishevsk RUS"]
[Date "2005.03.19"]
[Round "4"]
[White "Ozolin,M"]
[Black "Nozdrin,A"]
[Result "0-1"]
[WhiteElo "2411"]
[BlackElo "2185"]

1.e4 c5 2.Nf3 d6 3.d4 cxd4 4.Nxd4 Nf6 5.Nc3 a6 6.Be3 e5 7.Nb3 b5 8.f3 Be6
9.Qd2 Nbd7 10.a4 b4 11.Nd5 Bxd5 12.exd5 Nb6 13.Bxb6 Qxb6 14.a5 Qb7 15.Bc4 Be7
16.Ra4 Rb8 17.Qd3 O-O 18.Bxa6 Qxd5 19.Qxd5 Nxd5 20.Kf2 Nc7 21.Be2 f5 22.a6 d5
23.Rd1 Rb6 24.a7 Ra8 25.Rda1 Rc6 26.Bd1 Kf7 27.Ra5 Ke8 28.f4 e4 29.Ke1 Bf6
30.R1a2 Kd7 31.Kd2 Kd6 32.g3 g6 33.h3 g5 34.Ke3 Ne6 35.Rb5 gxf4+ 36.gxf4 Bd8
37.Rb7 Rc7 38.Rb6+ Rc6 39.Rb7 Bb6+ 40.Kd2 Nxf4 41.Rxh7 Ne6 42.Rb7 Ke5 43.h4 f4
44.Bg4 f3 45.Re7 Bf2 46.Kd1 Bxh4 47.Rxe6+ Rxe6 48.Bxe6 e3 49.Nc1 Kxe6 50.c3 b3
51.Ra4 Bg5 52.Nxb3 e2+ 53.Ke1 Rxa7 54.Rb4 Be3 55.Rh4 Rg7 56.Rh1 Ke5 57.Nd2 Kf4
58.Nxf3 Kxf3 59.Rh3+ Ke4 60.Kxe2 Rg2+ 61.Kd1 Rxb2 62.Rh5 Rd2+ 63.Ke1 Rc2
64.Kd1 Rxc3 65.Ke2 Rc2+ 66.Kd1 Rg2  0-1

[Event "TCh-BEL 2004-5"]
[Site "Belgium BEL"]
[Date "2005.03.20"]
[Round "11"]
[White "Van den Doel,E"]
[Black "Lahaye,R"]
[Result "1-0"]
[WhiteElo "2558"]
[BlackElo "2334"]

1.e4 c5 2.Nf3 d6 3.d4 cxd4 4.Nxd4 Nf6 5.Nc3 a6 6.Be3 e5 7.Nb3 Be6 8.Qd2 Be7
9.f3 h5 10.O-O-O Nbd7 11.h3 Rc8 12.Kb1 h4 13.f4 b5 14.Bd3 Bc4 15.Rhe1 Qc7
16.Qf2 b4 17.Nd5 Nxd5 18.exd5 Bxd3 19.Rxd3 Bf6 20.fxe5 Bxe5 21.Re2 Kf8 22.Nd4 Nf6
23.Nc6 Bg3 24.Qf3 a5 25.c4 bxc3 26.Rxc3 Re8 27.Bd2 Rxe2 28.Qxe2 Qd7 29.Rb3 g6
30.Qf3 Ne8 31.Nxa5 Rh5 32.Rb7 Qf5+ 33.Qxf5 Rxf5 34.a4 Rxd5 35.Nb3 Be1 36.Bxe1 Rd1+
37.Kc2 Rxe1 38.a5 Re2+ 39.Kc1 Re7 40.a6 Rc7+ 41.Kb1 Ke7 42.Nd4  1-0

[Event "ch-Privolzhsky Region"]
[Site "Ishevsk RUS"]
[Date "2005.03.21"]
[Round "6"]
[White "Ozolin,M"]
[Black "Smirnov,Alexey"]
[Result "0-1"]
[WhiteElo "2411"]
[BlackElo "2335"]

1.e4 c5 2.Nf3 d6 3.d4 cxd4 4.Nxd4 Nf6 5.Nc3 a6 6.Be3 e6 7.f3 Nbd7 8.g4 h6
9.Qd2 b5 10.O-O-O Bb7 11.Bd3 Ne5 12.Rhe1 Rc8 13.Kb1 Nfd7 14.f4 Nc4 15.Qe2 Nxe3
16.Qxe3 Rxc3 17.bxc3 Qc7 18.Bf1 e5 19.Nf3 Be7 20.c4 bxc4 21.fxe5 Nxe5 22.Nxe5 dxe5
23.Qc3 O-O 24.Qxc4 Qa5 25.Qb3 Bb4 26.Re3 Bc6 27.Bc4 Ba4 28.Qd3 Bc5 29.Rf3 Bd4
30.Bb3 Rb8 31.Qc4 Bxb3 32.Rxb3 Rb5 33.Rf1 Kh7 34.a4 f6 35.h4 Rxb3+ 36.cxb3 Qd2
37.Qc2 Qe3 38.Ka2 Qh3 39.Qe2 Qxh4 40.b4 Qh3 41.Rc1 Bc3 42.Rb1 Bd4 43.Rb3 Qh1
44.Rb1 Qh3 45.Rc1 Bc3 46.b5 axb5 47.axb5 Bd4 48.Rc6 Qh1 49.Qc2 Qf1 50.Rc4 Qa1+
51.Kb3 Qg1 52.Rc6 Qxg4 53.b6 Qd7 54.Kb4 h5 55.Ka5 Qb7 56.Kb5 Kg6 57.Qg2+ Kh6
58.Qd2+ Kg6 59.Qg2+ Kh6 60.Qf3 Qd7 61.Qb3 h4 62.Qd5 Qe7 63.Rc7 Qe8+ 64.Rd7 h3
65.Ka5 h2 66.Rd8 h1=Q 67.Rxe8 Qa1+ 68.Kb5 Qb2+ 69.Kc6 Qxb6+ 70.Kd7 Kg5 71.Rg8 Kf4
72.Ke7 Qc7+ 73.Ke6 Kg5 74.Rd8 g6 75.Rd7 Qc8 76.Kf7 Qh8 77.Qa2 Qh7+ 78.Ke8 Qh3
79.Rg7 Qc8+ 80.Kf7 Qb7+ 81.Kg8 Qxe4 82.Qh2 Kg4 83.Qh6 g5 84.Qxf6 Qf4 85.Qe6+ Kg3
86.Rf7 Qe4 87.Kg7 g4 88.Qb3+ Qe3 89.Qd1 Qg5+ 90.Kh7 Qe3 91.Kg6 Qe4+ 92.Kh5 Bf2
93.Qb3+ Kg2 94.Rg7 g3 95.Rg4 Qf5+ 96.Kh4 Qf6+ 97.Kh5 Qf3 98.Qe6 Kh3 99.Kg5 Be3+
100.Rf4+ Kh2 101.Qa2+ g2  0-1

[Event "ch-FAI"]
[Site "Oyrarbakka ch-FAI"]
[Date "2005.03.23"]
[Round "6"]
[White "Ziska,H"]
[Black "Nolsoe,E"]
[Result "1/2-1/2"]
[WhiteElo "2129"]
[BlackElo "2217"]

1.e4 c5 2.Nf3 d6 3.d4 cxd4 4.Nxd4 Nf6 5.Nc3 a6 6.Be3 e6 7.f3 b5 8.Qd2 Bb7
9.g4 Be7 10.O-O-O Nfd7 11.Bd3 Nb6 12.Qf2 N8d7 13.h4 Rc8 14.Nce2 Nc4 15.g5 Nde5
16.Kb1 Nxe3 17.Qxe3 Nc4 18.Qf2 Qb6 19.Rhf1 O-O 20.f4 g6 21.Ng3 Rc7 22.Bxc4 bxc4
23.Ndf5 Qxf2 24.Nxe7+ Rxe7 25.Rxf2 d5 26.e5 Bc6 27.Ne2 Rb8 28.Nd4 Be8 29.h5 Reb7
30.c3 a5 31.Rh1 a4 32.a3 Kf8 33.hxg6 hxg6 34.Rh7 Kg8 35.Rh6 Kf8 36.Kc1 Ke7
37.Rfh2 Rb6 38.Rh7  1/2-1/2

[Event "Open"]
[Site "Coventry ENG"]
[Date "2005.03.24"]
[Round "1"]
[White "Areshchenko,A"]
[Black "Burrows,M"]
[Result "1-0"]
[WhiteElo "2570"]
[BlackElo "2200"]

1.e4 c5 2.Nf3 d6 3.d4 cxd4 4.Nxd4 Nf6 5.Nc3 a6 6.Be3 e5 7.Nf3 Qc7 8.Bg5 Nbd7
9.a4 h6 10.Bh4 Be7 11.Nd2 O-O 12.Qf3 b6 13.Nc4 Bb7 14.Ne3 g6 15.Bd3 b5 16.O-O b4
17.Ne2 Rae8 18.Qh3 Nc5 19.Bxf6 Bxf6 20.Qxh6 Nxe4 21.Bc4 Bg7 22.Qxg6 Qxc4
23.Qxg7+ Kxg7 24.Nxc4 d5 25.Na5 Ba8 26.f3 Nc5 27.Rfd1 f5 28.f4 Kf6 29.fxe5+ Rxe5
30.Nd4 Rg8 31.Rd2 Re4 32.Nab3 Nd7 33.Rf1 f4 34.Rdf2 Ke5 35.Nf3+ Kd6 36.Nfd2 Ne5
37.Nxe4+ dxe4 38.Rxf4 e3 39.g3 e2 40.Re1 Nf3+ 41.Kf2 Nxe1 42.Kxe1 Rc8 43.Nd4  1-0

[Event "Technomont Cup"]
[Site "Frydek Mistek CZE"]
[Date "2005.03.24"]
[Round "2"]
[White "Toma,K"]
[Black "Lahner,J"]
[Result "1/2-1/2"]
[WhiteElo "2224"]
[BlackElo "2241"]

1.e4 c5 2.Nc3 a6 3.Nf3 d6 4.d4 cxd4 5.Nxd4 Nf6 6.Be3 e6 7.f3 b5 8.Qd2 Nbd7
9.O-O-O Bb7 10.g4 h6 11.h4 b4 12.Nb1 d5 13.Bh3 g5 14.hxg5 hxg5 15.e5 Nxe5
16.Bxg5 Nc4 17.Qe2 Rg8 18.Bf4 Bd6 19.Bxd6 Qxd6 20.Nd2 Qf4 21.Nb3 O-O-O 22.Kb1 Ne3
23.Rde1 d4 24.Nc5 Qd6 25.Ndb3 Nfd5 26.Nxb7 Kxb7 27.Nxd4 Rc8 28.Qd3 Nxc2 29.Rd1 Nce3
30.Rc1 Rgd8 31.Qe4 Qf4 32.Nb3 Qxe4+ 33.fxe4 Nf4 34.Rce1 Nxh3 35.Rxe3 Nf2
36.Rf1 Nxg4  1/2-1/2

[Event "Alpress Cup"]
[Site "Frydek Mistek CZE"]
[Date "2005.03.25"]
[Round "4"]
[White "Smistik,M"]
[Black "Mielke,S"]
[Result "1-0"]
[WhiteElo "2342"]
[BlackElo "2115"]

1.e4 c5 2.Nf3 d6 3.d4 cxd4 4.Nxd4 Nf6 5.Nc3 a6 6.Be3 Nc6 7.Qd2 e6 8.Be2 Be7
9.O-O O-O 10.a4 Qc7 11.f4 b6 12.Nxc6 Qxc6 13.Bf3 e5 14.Nd5 Bd8 15.Rfd1 Ng4
16.Nb4 Qb7 17.f5 Nxe3 18.Qxe3 b5 19.a5 Qe7 20.Qd2 Qg5 21.Qxd6 Be7 22.Qd5 Bb7
23.Qb3 Bc5+ 24.Kh1 Rad8 25.Nd3 Bd4 26.c3 Be3 27.Nxe5 Bf4 28.Rxd8 Qxd8 29.Nxf7 Rxf7
30.Bh5 Qf6 31.Bxf7+ Qxf7 32.Qxf7+ Kxf7 33.Rd1 Ke7 34.Kg1 Bc7 35.c4 bxc4 36.Rc1 Bxa5
37.Kf2 Bc6 38.Rxc4 Bb5 39.Rc8 Bb6+ 40.Kf3 Bd4 41.b3 Be5 42.h4 h6 43.Ra8 Kd6
44.Rd8+ Ke7 45.Rd5 Kf6 46.g4 Bc7 47.Rd2 Be5 48.Rd8 Bc7 49.Rf8+ Ke7 50.Rg8 Be5
51.g5 hxg5 52.hxg5 Be8 53.Rh8 Bf7 54.Rh7 Kf8 55.b4 Bc3 56.Rh8+ Bg8 57.g6 Bxb4
58.e5 a5 59.e6 Bd6 60.Ke4 a4 61.Kd5 Be7 62.Kc6 a3 63.Kd7 a2 64.Rh1 Bf6 65.Rc1  1-0

[Event "Technomont Cup"]
[Site "Frydek Mistek CZE"]
[Date "2005.03.25"]
[Round "4"]
[White "Toma,K"]
[Black "Michalik,P"]
[Result "0-1"]
[WhiteElo "2224"]
[BlackElo "2225"]

1.e4 c5 2.Nf3 d6 3.d4 cxd4 4.Nxd4 Nf6 5.Nc3 a6 6.Be3 e6 7.Qd2 b5 8.f3 Nbd7
9.g4 h6 10.O-O-O Bb7 11.h4 b4 12.Na4 Qa5 13.b3 Nc5 14.a3 Nxa4 15.axb4 Qc7
16.bxa4 Nd7 17.Nb3 d5 18.Rh3 Rc8 19.Bd3 Be7 20.Kb1 Nb6 21.Bxb6 Qxb6 22.a5 Qxb4
23.Qxb4 Bxb4 24.exd5 exd5 25.Bf5 Rc7 26.Rh2 Re7 27.Kb2 Re3 28.Rd3 Rxd3 29.Bxd3 O-O
30.c3 Be7 31.h5 Rb8 32.Re2 Kf8 33.Nd4 Bd8 34.Nb3 Bc6 35.Ka3 Be7+ 36.Ka2 Bb5
37.Rd2 Bd8 38.Ka3 Bc4 39.Be2 Be7+ 40.Kb2 Bd8 41.Ka3 Rb5 42.Nd4 Be7+ 43.Ka4 Rb2  0-1

[Event "Open"]
[Site "Coventry ENG"]
[Date "2005.03.27"]
[Round "6"]
[White "Shaw,D"]
[Black "Dunn,Al"]
[Result "1-0"]
[WhiteElo "2197"]
[BlackElo "2056"]

1.e4 c5 2.Nf3 d6 3.d4 cxd4 4.Nxd4 Nf6 5.Nc3 a6 6.Be3 Ng4 7.Bc1 Nc6 8.Nb3 g6
9.f3 Nge5 10.Be3 b5 11.a4 b4 12.Nd5 Nd7 13.a5 Bg7 14.Ra2 O-O 15.Qd2 Rb8 16.Be2 e6
17.Nb6 Nxb6 18.Bxb6 Rxb6 19.axb6 f5 20.O-O Qxb6+ 21.Kh1 fxe4 22.Qxd6 Be5
23.Qc5 Qc7 24.Qg1 Rf4 25.fxe4 Rxe4 26.Bd3 Rh4 27.h3 Nd4 28.Qe3 Nxb3 29.cxb3 Bb7
30.Bxa6 Bd5 31.Bc4 Bd4 32.Qd3 Rf4 33.Bxd5 exd5 34.Raa1 Re4 35.Qf3 Bc5 36.Qf6 Re8
37.Rac1 Qa7 38.Rxc5  1-0

[Event "Norwegian Open"]
[Site "Oslo NOR"]
[Date "2005.03.27"]
[Round "9"]
[White "Van der Weide,K"]
[Black "Senff,M"]
[Result "0-1"]
[WhiteElo "2490"]
[BlackElo "2430"]

1.e4 c5 2.Nf3 d6 3.d4 cxd4 4.Nxd4 Nf6 5.Nc3 a6 6.Be3 e5 7.Nb3 Be6 8.f3 Nbd7
9.Qd2 b5 10.O-O-O Rc8 11.g4 Nb6 12.g5 Nfd7 13.Kb1 Be7 14.h4 O-O 15.Rg1 f5
16.g6 f4 17.gxh7+ Kh8 18.Qg2 Rf7 19.Bxb6 Nxb6 20.Qg6 Bf6 21.Bh3 Qd7 22.Bxe6 Qxe6
23.Rxd6 Qxd6 24.Qxf7 b4 25.Rd1 Qc6 26.Na5 Qc5 27.Nb7 Qc6 28.Nd8 Qc4 29.b3 Qxf7
30.Nxf7+ Kxh7 31.Nd5 Nxd5 32.Rxd5 Rc3 33.Nxe5 Bxe5 34.Rxe5 Rxf3 35.Rf5 g6
36.Rf6 Kg7 37.e5 a5 38.Kc1 Rf2 39.Kd1 f3 40.Rf4 Kh6 41.e6 Re2 42.Rxf3 Rxe6
43.Rf4 Re3 44.a3 bxa3 45.Ra4 Kh5 46.Rxa5+ Kxh4 47.Rxa3 g5 48.Ra8 g4 49.Kd2 Rf3
50.Rh8+ Kg3 51.b4 Kf2 52.Rg8 g3 53.b5 g2 54.Rxg2+ Kxg2 55.c4 Kg3 56.c5 Kf4  0-1

[Event "ch-RUS w 1st League"]
[Site "Samara RUS"]
[Date "2005.03.28"]
[Round "6"]
[White "Melnikova,Y"]
[Black "Ubiennykh,E"]
[Result "1-0"]
[WhiteElo "2322"]
[BlackElo "2327"]

1.e4 c5 2.Nf3 d6 3.d4 cxd4 4.Nxd4 Nf6 5.Nc3 a6 6.Be3 e5 7.Nb3 Be6 8.f3 Be7
9.Qd2 O-O 10.O-O-O Nbd7 11.g4 b5 12.g5 b4 13.Ne2 Ne8 14.Kb1 a5 15.h4 Nb6
16.Ng3 a4 17.Nc1 d5 18.Bxb6 Qxb6 19.exd5 Rd8 20.Bc4 Nc7 21.Qe2 Bxd5 22.Nf5 Rfe8
23.Nxe7+ Rxe7 24.h5 Red7 25.h6 Qe6 26.Bxd5 Nxd5 27.Nd3 a3 28.Nc5 Qf5 29.Nxd7 Qxd7
30.hxg7 axb2 31.Kxb2 Qc7 32.Qd3 Kxg7 33.Rxh7+ Kg8 34.g6 Qc3+ 35.Qxc3 bxc3+
36.Kc1 Rd6 37.gxf7+ Kf8 38.Rh5 Ra6 39.Rxd5 Rxa2 40.Rb5 Kxf7  1-0

[Event "Spring Open"]
[Site "Belgrade SCG"]
[Date "2005.03.31"]
[Round "7"]
[White "Sarenac,D"]
[Black "Bozovic,V"]
[Result "1-0"]
[WhiteElo "2074"]
[BlackElo "2186"]

1.e4 c5 2.Nf3 d6 3.d4 cxd4 4.Nxd4 Nf6 5.Nc3 a6 6.Be3 Nc6 7.Be2 e5 8.Nb3 b5
9.f3 Be7 10.a4 b4 11.Nd5 Nxd5 12.Qxd5 Qc7 13.Na5 Bd7 14.Nc4 Be6 15.Qd2 Bxc4
16.Bxc4 Nd4 17.b3 Bh4+ 18.Kf1 Bf6 19.Rc1 Qc5 20.c3 bxc3 21.Rxc3 Qa7 22.g3 O-O
23.Kg2 Rab8 24.Rhc1 Bd8 25.Qf2 a5 26.f4 Kh8 27.f5 f6 28.Bd5 Bb6 29.g4 Bc5
30.h4 Rb4 31.g5 g6 32.gxf6 gxf5 33.exf5 Rxf6 34.Kh1 Nxf5 35.Bxc5 dxc5 36.Rg1 Rf8
37.Qxf5 Qe7 38.Rg4 Qd6 39.Qe6 Rf1+ 40.Kg2 Rxg4+ 41.Qxg4 Rf8 42.Qe6  1-0

[Event "ch-FRA Top 16 GpA"]
[Site "Noyon FRA"]
[Date "2005.04.01"]
[Round "5"]
[White "Libiszewski,F"]
[Black "Georgiev,Ki"]
[Result "1/2-1/2"]
[WhiteElo "2415"]
[BlackElo "2654"]

1.e4 c5 2.Nf3 d6 3.d4 cxd4 4.Nxd4 Nf6 5.Nc3 a6 6.Be3 e5 7.Nb3 Be6 8.f3 Nbd7
9.Qd2 Rc8 10.g4 Nb6 11.g5 Nh5 12.O-O-O Be7 13.Rg1 O-O 14.Kb1 Qc7 15.Nd5 Nxd5
16.exd5 Bf5 17.Bd3 Qd7 18.Qe2 Bxd3 19.Rxd3 f5 20.f4 e4 21.Rd2 g6 22.c4 Rfe8
23.Nd4 Ng7 24.Rc1 Bd8  1/2-1/2

[Event "ch-FRA Top 16 GpA"]
[Site "Noyon FRA"]
[Date "2005.04.01"]
[Round "5"]
[White "Nijboer,F"]
[Black "Gouliev,N"]
[Result "0-1"]
[WhiteElo "2549"]
[BlackElo "2514"]

1.e4 c5 2.Nf3 d6 3.d4 cxd4 4.Nxd4 Nf6 5.Nc3 a6 6.Be3 e6 7.f3 b5 8.g4 h6 9.Qd2 Nbd7
10.O-O-O Ne5 11.Bd3 b4 12.Nce2 d5 13.Bf4 Nxd3+ 14.cxd3 dxe4 15.dxe4 Bb7 16.Kb1 Be7
17.Qc2 Rc8 18.Qa4+ Qd7 19.Qb3 Nxe4 20.Nf5 Qb5 21.Ned4 Qc4 22.Qa4+ Kf8 23.Nxe7 Kxe7
24.Nf5+ Kf6 25.Qd7 Nf2 26.Nd6 Qc2+ 27.Ka1 Rc7 28.Ne8+ Rxe8 29.Qxc7 Qxc7 30.Bxc7 Bxf3
31.Rhf1 Bxd1 32.Rxf2+ Kg6 33.h3 e5 34.Bb6 Rc8 35.Kb1 b3 36.axb3 Bxb3 37.Ba5 Rc5
38.Bc3 Rd5 39.Rd2 Rxd2 40.Bxd2 f5  0-1

[Event "FSGM April"]
[Site "Budapest HUN"]
[Date "2005.04.04"]
[Round "3"]
[White "Neelotpal,D"]
[Black "Szabo,Kr"]
[Result "1-0"]
[WhiteElo "2468"]
[BlackElo "2376"]

1.e4 c5 2.Nf3 d6 3.d4 cxd4 4.Nxd4 Nf6 5.Nc3 a6 6.Be3 e6 7.Be2 Be7 8.f4 O-O
9.Qd2 Nc6 10.O-O-O Nxd4 11.Qxd4 Qc7 12.Qb6 Qb8 13.g4 Nd7 14.Qd4 b5 15.a3 Bb7
16.g5 Bc6 17.f5 exf5 18.exf5 Bxh1 19.Rxh1 Ne5 20.Nd5 Bd8 21.f6 Qb7 22.fxg7 Re8
23.Rf1 Rc8 24.Kb1 Rc5 25.Nc3 Nc4 26.Bf3 Qd7 27.Bd5 Rxd5 28.Nxd5 Rxe3 29.g6 hxg6
30.Nxe3 Qe6 31.Nxc4 bxc4 32.Qc3 d5 33.Re1 Qc6 34.Rf1 Qe6 35.h3 Bh4 36.Qd4 Qxh3
37.Qf4 f6 38.Qh6 Qxf1+ 39.Ka2 Kf7 40.Qh7  1-0

[Event "It C"]
[Site "Dos Hermanas ESP"]
[Date "2005.04.04"]
[Round "4"]
[White "Escobar Dominguez,D"]
[Black "Barrero Garcia,C"]
[Result "1-0"]
[WhiteElo "2351"]
[BlackElo "2337"]

1.e4 c5 2.Nf3 d6 3.d4 cxd4 4.Nxd4 Nf6 5.Nc3 a6 6.Be3 e6 7.g4 e5 8.Nf5 g6
9.g5 gxf5 10.gxf6 Nd7 11.exf5 Nxf6 12.Qf3 Bd7 13.Qxb7 Rb8 14.Qxa6 Rxb2 15.O-O-O Qb8
16.Bc4 Qb4 17.Bg5 Bxf5 18.Bb5+ Qxb5 19.Qxb5+ Rxb5 20.Nxb5 Ne4 21.Be3 Kd7
22.f3 Nf6 23.Bg5 Ne8 24.Rhe1 f6 25.Be3 Kc6 26.a4 d5 27.Na7+ Kd6 28.Kb2 Be7
29.c4 Nc7 30.Nb5+ Kc6 31.Nxc7 Kxc7 32.Rxd5 Be6 33.Ra5 Bb4 34.Ra7+ Kb8 35.Rd1  1-0